Presidenti degli Stati Uniti d'America - Statistics

Statistiche generali
  • Questo quiz è stato fatto 567 volte
  • Il punteggio medio è 25 su 45
Statistiche sulle risposte
con Immagini Risposta % Corretto
Barack Obama
97%
Donald Trump
97%
George Washington
95%
Joe Biden
95%
George H. W. Bush
92%
George W. Bush
92%
John F. Kennedy
91%
Bill Clinton
90%
Abraham Lincoln
87%
Franklin Delano Roosevelt
83%
Richard Nixon
83%
Theodore Roosevelt
83%
Ronald Reagan
81%
Thomas Jefferson
75%
Dwight Eisenhower
73%
Harry Truman
71%
Jimmy Carter
70%
Andrew Johnson
68%
Gerald Ford
68%
Lyndon B. Johnson
68%
John Adams
56%
John Quincy Adams
56%
Woodrow Wilson
54%
Herbert Hoover
45%
Ulysses S. Grant
43%
James Monroe
41%
James Madison
37%
Andrew Jackson
34%
Calvin Coolidge
34%
Grover Cleveland
34%
William Howard Taft
34%
Benjamin Harrison
32%
William Henry Harrison
32%
Zachary Taylor
32%
James Buchanan
30%
William McKinley
29%
James A. Garfield
28%
Martin Van Buren
28%
Warren G. Harding
28%
John Tyler
26%
James Knox Polk
24%
Chester Arthur
23%
Franklin Pierce
23%
Milard Fillmore
23%
Rutherford B. Hayes
22%
Nessun quiz corrispondente trovato
Distribuzione punteggi
Percentuale di utenti per punteggio
Percentile per numero di risposta
I tuoi punteggi nel tempo
Non hai fatto questo quiz